000 00705nam a2200193Ii 4500
003 JO-AjNU
008 230605s9999||||xx |||||||||||||| ||und||
040 _aJO-AjNU
_bara
_erda
_cJO-AjNU
041 _aara
050 1 4 _aDS154.55.M3488 1995
100 3 _aتاليف المجالي، محمد سالم,
_eauthor
_940380
245 0 0 _aالسلام في فكر الحسين
264 3 1 _aد.م: د.ن، 1995
300 _a163ص
336 _atext
_btxt
_2rdacontent
337 _aunmediated
_bn
_2rdamedia
338 _avolume
_bnc
_2rdacarrier
650 4 _aالاردن -تاريخ - معاهدة السلام الاردنية الاسرائيلية -عهد الملك الحسين بن طلال
_940381
999 _aA17132
_c20700
_d20700